| 000 | 00481 a2200157 4500 | ||
|---|---|---|---|
| 005 | 20250625110324.0 | ||
| 020 | _a0-07-310303-9 | ||
| 082 | _a808.042 WRI | ||
| 100 | _aWriting From A to Z. | ||
| 245 | _aWriting From A to Z: The Easy-To- Use Reference Handbook, | ||
| 250 | _a5th Ed. | ||
| 260 |
_aNew York, _bMcGraw-Hill Irwin, _c2005. |
||
| 300 |
_aix.; 528p.;ill,; picture, _bIndex, _c22cm. |
||
| 700 | _aEBEST, S. B., ALRED, G. J., BRUSAW, C. T., OLIU, W. E. | ||
| 942 |
_2ddc _cBKS |
||
| 999 |
_c5022 _d5022 |
||